000 00573nam a2200181Ia 4500
003 GCL
008 140319s9999 xx 000 0 ara d
040 _aGCL /
_cGCL
082 0 4 _a811.9
_bا ا
100 1 _aاحمد شوقى
245 1 0 _aاميرة الاندلس /
_cاحمد شوقى
300 _a157 ص
490 _aالهيئة العامة للاستعلامات
_v0
650 0 4 _aالمسرحيات التاريخية
650 0 4 _aالادب العربى - العصر الحديث
650 0 4 _aالمسرحيات العربية - مصر
942 _2ddc
_cBK
999 _c50372
_d50372